000 01091nam0a2200313 4500
001 RU\NLR\BIBL_A\022688680
005 20260304113221.0
010 _a978-5-00246-428-9
_9100
021 _aRU
_bКН-П-25-063138
_9КН-П-25-6113
035 _a(NLR Aleph) 022688680
090 _a13556036
_c13556036
100 _a20251216d2025 u y0rusy50 ca
101 0 _arus
102 _aRU
105 _ay z 000ay
181 0 _ai
_baxxe
182 0 _an
200 1 _aСедовы. Хроника жизни семьи офицера
_eроман
_fАлександр Махнёв
203 _aТекст
_bвизуальный
_cнепосредственный
205 _a2-е изд., испр. и доп.
210 _aМосква
_cУ Никитских ворот
_d2025
215 _a414 с.
_d21
686 2 _aШ6(2=Р)8-440.4
700 1 _aМахнёв
_bА. В.
_cписатель
_f1949-
_gАлександр Владимирович
_3RU\NLR\AUTH\770194069
942 _cBOOK
980 _aNB